[Event "Alberta O1800"]
[Site "Edmonton"]
[Date "2016.08.27"]
[Round "1"]
[White "Findlay, Ian T"]
[Black "MacLeod, Damon"]
[Result "1-0"]
[WhiteElo "2250"]
[BlackElo "1908"]
[PlyCount "69"]
[EventDate "2016.08.27"]
[EventType "swiss"]
[EventRounds "5"]
[EventCountry "CAN"]
[SourceTitle "EXT 2017"]
[Source "ChessBase"]
[SourceDate "2016.10.25"]
[SourceVersion "1"]
[SourceVersionDate "2016.10.25"]
[SourceQuality "1"]

1. e4 e5 2. Nf3 Nc6 3. Bb5 Nf6 4. d3 Bc5 5. Bxc6 dxc6 6. Qe2 Qd6 7. Nbd2 Be6 8. 0-0 h6 9. c3 Nd7 10. Rd1 b5 11. d4 exd4 12. cxd4 Bb6 13. a4 0-0 14. axb5 cxb5 15. d5 Bg4 16. Qxb5 Ne5 17. Ra3 f5 18. Nc4 Nxf3+ 19. gxf3 Bxf2+ 20. Kg2 Bxf3+ 21. Rxf3 Qg6+ 22. Rg3 Bxg3 23. hxg3 f4 24. Qb3 Qxe4+ 25. Kh3 fxg3 26. Ne3 Rf2 27. d6+ Kh8 28. Ng4 Qg2+ 29. Kh4 g5+ 30. Kh5 Qh3+ 31. Kg6 Rg8+ 32. Qxg8+ Kxg8 33. d7 Qxg4 34. d8Q+ Rf8 35. Qd5+ 1-0

[Event "Canadian op"]
[Site "Edmonton"]
[Date "2009.07.14"]
[Round "4.37"]
[White "MacLeod, Damon"]
[Black "Sequillion, Aaron"]
[Result "0-1"]
[WhiteElo "1835"]
[BlackElo "2108"]
[PlyCount "126"]
[EventDate "2009.07.11"]
[EventType "swiss"]
[EventRounds "9"]
[EventCountry "CAN"]
[SourceTitle "EXT 2022"]
[Source "ChessBase"]
[SourceDate "2021.10.06"]
[SourceVersion "1"]
[SourceVersionDate "2021.10.06"]
[SourceQuality "1"]

1. e4 c5 2. Nf3 e6 3. b3 Nf6 4. e5 Nd5 5. c4 Nb6 6. d4 cxd4 7. Nxd4 d5 8. exd6 Bxd6 9. Nc3 Be5 10. Be3 Nc6 11. Ndb5 a6 12. Qxd8+ Nxd8 13. Nd6+ Bxd6 14. Bxb6 f5 15. Rd1 Ke7 16. Be2 Bd7 17. 0-0 Bc6 18. Be3 Nf7 19. c5 Be5 20. Bd4 Bxd4 21. Rxd4 g5 22. Bc4 Ne5 23. Be2 Nd7 24. b4 Nf6 25. Bc4 Rad8 26. Rxd8 Rxd8 27. Re1 Nd5 28. b5 axb5 29. Nxb5 Bxb5 30. Bxb5 Rc8 31. Rc1 b6 32. c6 Kd6 33. Rd1 Kc5 34. a4 Nc3 35. Re1 Nxb5 36. axb5 Kxb5 37. Rxe6 Rxc6 38. Re1 Ka4 39. Kf1 Rd6 40. Ra1+ Kb5 41. Ke2 Kc6 42. Ra4 b5 43. Ra8 Kc5 44. Rc8+ Kb4 45. Rc1 h6 46. Ke3 Ka3 47. Ra1+ Kb3 48. Rb1+ Kc4 49. Rc1+ Kd5 50. Kd3 b4 51. Rc4 Rb6 52. Rd4+ Ke5 53. Rc4 b3 54. Rc1 b2 55. Rb1 Kf4 56. h3 h5 57. Kc3 g4 58. h4 g3 59. Kd3 gxf2 60. Ke2 Kg3 61. Kf1 Kxh4 62. Kxf2 Kg4 63. g3 Rb3 0-1

[Event "Canadian op"]
[Site "Edmonton"]
[Date "2009.07.11"]
[Round "1"]
[White "Krush, Irina"]
[Black "MacLeod, Damon"]
[Result "1-0"]
[WhiteElo "2458"]
[BlackElo "1835"]
[PlyCount "43"]
[EventDate "2009.07.11"]
[EventType "swiss"]
[EventRounds "9"]
[EventCountry "CAN"]
[SourceTitle "CBM 132 Extra"]
[Source "ChessBase"]
[SourceDate "2009.11.03"]
[SourceVersion "1"]
[SourceVersionDate "2009.11.03"]
[SourceQuality "1"]

1. e4 e5 2. Nf3 Nc6 3. Bb5 Nf6 4. 0-0 Nxe4 5. d4 Nd6 6. Bxc6 dxc6 7. dxe5 Nf5 8. Qxd8+ Kxd8 9. Nc3 Ke8 10. h3 h5 11. Ne4 c5 12. Rd1 b6 13. Nc3 Bb7 14. Nd5 Rc8 15. Bg5 Ne7 16. c4 Nxd5 17. cxd5 Kd7 18. e6+ fxe6 19. Ne5+ Ke8 20. dxe6 Bd6 21. Nf7 Rf8 22. Rxd6 1-0

[Event "Edmonton Summer op"]
[Site "Edmonton"]
[Date "2009.06.04"]
[Round "1"]
[White "MacLeod, Damon"]
[Black "Kalisvaart, Peter"]
[Result "0-1"]
[WhiteElo "1850"]
[BlackElo "2103"]
[PlyCount "76"]
[EventDate "2009.06.04"]
[EventType "swiss"]
[EventRounds "5"]
[EventCountry "CAN"]
[SourceTitle "EXT 2011"]
[Source "ChessBase"]
[SourceDate "2010.11.26"]
[SourceVersion "1"]
[SourceVersionDate "2010.11.26"]
[SourceQuality "1"]

1. e4 e5 2. Nf3 Nc6 3. Bb5 a6 4. Bxc6 dxc6 5. 0-0 Bg4 6. h3 h5 7. d3 Qf6 8. Be3 Bxf3 9. Qxf3 Qxf3 10. gxf3 Bd6 11. Nd2 Ne7 12. Nc4 f6 13. Nxd6+ cxd6 14. f4 exf4 15. Bxf4 0-0-0 16. Be3 d5 17. f4 d4 18. Bd2 c5 19. f5 Nc6 20. Rf3 Rd7 21. Kf2 Re8 22. Rg1 b5 23. Rfg3 Ree7 24. a3 a5 25. Bh6 gxh6 26. Rg6 Rf7 27. Rxh6 Ne5 28. Rxh5 c4 29. Ke2 Rh7 30. Rxh7 Rxh7 31. Rg3 Rc7 32. dxc4 bxc4 33. Rg8+ Kb7 34. Rf8 d3+ 35. cxd3 cxd3+ 36. Ke3 Rd7 37. Kd2 Nc4+ 38. Kd1 d2 0-1

[Event "Edmonton-ch Reserves"]
[Site "Edmonton"]
[Date "2009.01.22"]
[Round "3"]
[White "MacLeod, Damon"]
[Black "Borger, Rocky"]
[Result "1-0"]
[WhiteElo "1653"]
[BlackElo "1345"]
[PlyCount "57"]
[EventDate "2009.01.08"]
[EventType "swiss"]
[EventRounds "7"]
[EventCountry "CAN"]
[SourceTitle "EXT 2011"]
[Source "ChessBase"]
[SourceDate "2010.11.26"]
[SourceVersion "1"]
[SourceVersionDate "2010.11.26"]
[SourceQuality "1"]

1. e4 c5 2. Nf3 d6 3. Bb5+ Bd7 4. Bxd7+ Nxd7 5. 0-0 e5 6. c3 Ngf6 7. Re1 Be7 8. d4 cxd4 9. cxd4 0-0 10. Nc3 Re8 11. Be3 Qa5 12. Rc1 Rac8 13. h3 h6 14. Qd2 exd4 15. Nxd4 d5 16. Nxd5 Qxd2 17. Nxe7+ Kh7 18. Bxd2 Rxc1 19. Rxc1 Nxe4 20. Bxh6 Rxe7 21. Be3 Ng3 22. Rc7 Ne4 23. Rxb7 Nef6 24. Rxa7 Re4 25. b4 Kg6 26. a4 Nb6 27. Nc6 Nbd5 28. Bc5 Rc4 29. Ne5+ 1-0

[Event "Edmonton Halloween op"]
[Site "Edmonton"]
[Date "2008.10.02"]
[Round "1"]
[White "Ryan, Kevin"]
[Black "MacLeod, Damon"]
[Result "0-1"]
[WhiteElo "202"]
[BlackElo "1606"]
[PlyCount "72"]
[EventDate "2008.10.02"]
[EventType "swiss"]
[EventRounds "5"]
[EventCountry "CAN"]
[SourceTitle "EXT 2011"]
[Source "ChessBase"]
[SourceDate "2010.11.26"]
[SourceVersion "1"]
[SourceVersionDate "2010.11.26"]
[SourceQuality "1"]

1. d4 d5 2. Nf3 Nf6 3. Ne5 Bf5 4. Nc3 e6 5. Bg5 h6 6. Bd2 c5 7. dxc5 Bxc5 8. Nb5 Qb6 9. e3 0-0 10. f3 Bxe3 11. g4 Bf2+ 12. Ke2 Bh7 13. c3 Nc6 14. Nc7 Qxc7 15. Kxf2 Qxe5 16. Bb5 Rac8 17. Re1 Qxh2+ 18. Kf1 a6 19. Ba4 Bd3+ 20. Re2 Bxe2+ 21. Qxe2 Qh1+ 22. Kf2 Qxa1 23. Bd1 Qxb2 24. Qd3 Qb6+ 25. Be3 Qc7 26. a4 Ne5 27. Qb1 Nc4 28. Qd3 Nxe3 29. Kxe3 Qxc3 30. Ke2 Qxd3+ 31. Kxd3 Rc5 32. Kd4 Rfc8 33. Ke5 Kf8 34. Kd6 R8c6+ 35. Ke5 Rc4 36. a5 Nd7# 0-1

[Event "Canadian op"]
[Site "Edmonton"]
[Date "2005.07.17"]
[Round "10"]
[White "Culjaga, Marko"]
[Black "MacLeod, Damon"]
[Result "0-1"]
[WhiteElo "1435"]
[BlackElo "1601"]
[PlyCount "42"]
[EventDate "2005.07.09"]
[EventType "swiss"]
[EventRounds "10"]
[EventCountry "CAN"]
[SourceTitle "CBM 107 Extra"]
[Source "ChessBase"]
[SourceDate "2005.09.01"]
[SourceVersion "1"]
[SourceVersionDate "2005.09.01"]
[SourceQuality "1"]

1. e4 e5 2. f4 Bc5 3. Nf3 d6 4. c3 Bg4 5. Bc4 Nc6 6. h3 Bxf3 7. Qxf3 Nf6 8. d3 Qd7 9. Be3 0-0-0 10. b4 Bxe3 11. Qxe3 exf4 12. Qxf4 d5 13. exd5 Rhe8+ 14. Kf2 Nxd5 15. Qg3 Qf5+ 16. Qf3 Qe5 17. Bxd5 Rxd5 18. d4 Nxd4 19. cxd4 Qxd4+ 20. Kg3 Re3 21. Kh2 Rxf3 0-1